000 00394pab a2200157 454500
008 180718b2006 xxu||||| |||| 00| 0 eng d
100 _aElliott, Mark
245 _aAsymmetric devolution and ombudsman reform in England
260 _c2006
300 _ap.85-105.
362 _aSpring
650 _aOmbudsman - Great Britain
650 _aOmbudsman
773 _aPublic Law
909 _a68790
999 _c68790
_d68790